[Event "DEM U12/U12w 2015"]
[Site "Willingen GER"]
[Date "2015.05.28"]
[Round "8"]
[White "Sulayev, Daniel"]
[Black "Biermann, Lenhard"]
[Result "1-0"]
[Termination "normal"]
[Board "10"]
[WhiteElo "1709"]
[BlackElo "1622"]
[PlyCount "89"]
[WhiteFideId "12977675"]
[BlackFideId "12970077"]
[EventCountry "GER"]
[EventRounds "11"]
[EventType "swiss"]
[EventDate "2015.05.23"]

1. e4 e6 2. d4 d5 3. Nc3 Bb4 4. e5 c5 5. a3 Bxc3+ 6. bxc3 Qa5 7. Bd2 Qa4 8. Qg4
g6 9. Ra2 Nc6 10. Nf3 Bd7 11. Bd3 O-O-O 12. O-O Rf8 13. Rb1 c4 14. Be2 Nge7 15.
Bh6 Rd8 16. Ng5 Be8 17. Bg7 Rg8 18. Bf6 h6 19. Nh7 Bd7 20. Qh4 Nf5 21. Qh3 Rde8
22. g4 Nfe7 23. Qxh6 Qa5 24. Qe3 Rh8 25. Ng5 Rhf8 26. a4 Nd8 27. Rba1 Ndc6 28.
Qf3 b6 29. Ra3 Nb8 30. Bg7 Rg8 31. Nxf7 Rxg7 32. Nd6+ Kc7 33. Nxe8+ Bxe8 34.
Qf8 Rh7 35. Qxe8 Nd7 36. g5 Rg7 37. Bg4 Nc6 38. Qxe6 Nxd4 39. cxd4 Qd2 40. Qd6+
Kd8 41. e6 Qxg5 42. Rg3 Qf6 43. Qxd5 Qf4 44. exd7 Qb8 45. Re1 1-0

[Event "DEM U12/U12w 2015"]
[Site "Willingen GER"]
[Date "2015.05.28"]
[Round "8"]
[White "Englert, Jon"]
[Black "Breitzmann, Sander"]
[Result "0-1"]
[Termination "normal"]
[Board "11"]
[WhiteElo "1682"]
[BlackElo "1415"]
[PlyCount "106"]
[WhiteFideId "12992275"]
[BlackFideId "12987085"]
[EventCountry "GER"]
[EventRounds "11"]
[EventType "swiss"]
[EventDate "2015.05.23"]

1. e4 e5 2. Nf3 Nc6 3. d4 exd4 4. Nxd4 Bc5 5. Nb3 Bb6 6. Nc3 Qf6 7. f3 Nge7 8.
Bc4 Qg6 9. Qe2 Ne5 10. Bd3 a6 11. Bf4 d6 12. O-O-O Be6 13. Bg3 O-O-O 14. Na4
Nxd3+ 15. Qxd3 Ba7 16. Qc3 Kb8 17. Qd3 Rd7 18. Nc3 f5 19. Qe2 Nc6 20. Bf2 Bxf2
21. Qxf2 fxe4 22. Nxe4 Rf8 23. Qe2 Re8 24. Qd2 Bc4 25. Rhe1 Rde7 26. Ng3 Rxe1
27. Rxe1 Rxe1+ 28. Qxe1 Bxb3 29. axb3 Qh6+ 30. Kd1 Qxh2 31. Qf2 Qh4 32. Ke2
Nd4+ 33. Kd3 Nf5 34. Ne4 Qxf2 35. Nxf2 Kc8 36. Ke4 Ne7 37. Nh3 h6 38. Nf4 g6
39. b4 Kd7 40. g4 g5 41. Nh5 b5 42. Ng7 d5+ 43. Ke5 Nc6+ 44. Kxd5 Nxb4+ 45. Kc5
Nxc2 46. Nf5 Ne1 47. Nxh6 Nxf3 48. Nf5 Ne5 49. Ne3 Nd3+ 50. Kd4 Nxb2 51. Kc3
Nc4 52. Nc2 c5 53. Kb3 Kd6 0-1

[Event "DEM U12/U12w 2015"]
[Site "Willingen GER"]
[Date "2015.05.28"]
[Round "8"]
[White "Wu, Luka"]
[Black "Zimmer, Raphael"]
[Result "0-1"]
[Termination "normal"]
[Board "12"]
[WhiteElo "1580"]
[BlackElo "1977"]
[PlyCount "114"]
[WhiteFideId "12977420"]
[BlackFideId "12978841"]
[EventCountry "GER"]
[EventRounds "11"]
[EventType "swiss"]
[EventDate "2015.05.23"]

1. e4 e5 2. Nf3 Nc6 3. Bb5 a6 4. Bxc6 dxc6 5. O-O Bg4 6. h3 Bxf3 7. Qxf3 Ne7 8.
Qb3 b6 9. f4 exf4 10. Rxf4 Qd4+ 11. Kh1 Nd5 12. c3 Qe5 13. d4 Qe6 14. Rf5 Bd6
15. Qc2 Ne7 16. Rf1 Ng6 17. Nd2 O-O 18. Nf3 f6 19. Bd2 b5 20. b3 Rae8 21. Rfe1
Qd7 22. c4 Bg3 23. Re2 Rf7 24. Bb4 Bd6 25. Bxd6 Qxd6 26. d5 Nf4 27. Ree1 Rfe7
28. Nd4 Nh5 29. Nxc6 Rxe4 30. Rxe4 Rxe4 31. Rd1 Re2 32. Qd3 Rxg2 33. Kxg2 Nf4+
34. Kf3 Nxd3 35. Rxd3 bxc4 36. bxc4 g5 37. Re3 Qf4+ 38. Ke2 Qxc4+ 39. Kf2 Qf4+
40. Rf3 Qd2+ 41. Kg3 Kg7 42. Nb8 Qxd5 43. Rb3 h5 44. Rf3 h4+ 45. Kg2 Kg6 46.
Kf2 Qxa2+ 47. Kg1 Qb1+ 48. Kg2 Qxb8 49. Rf2 Qb3 50. Kh2 Qg3+ 51. Kh1 Qxh3+ 52.
Kg1 Qe3 53. Kh1 g4 54. Rf1 Qe2 55. Rg1 g3 56. Rg2 Qf1+ 57. Rg1 Qh3# 0-1

[Event "DEM U12/U12w 2015"]
[Site "Willingen GER"]
[Date "2015.05.28"]
[Round "8"]
[White "Köllner, Ruben Gideon"]
[Black "Henning, Marvin"]
[Result "1/2-1/2"]
[Termination "normal"]
[Board "15"]
[WhiteElo "1649"]
[BlackElo "1791"]
[PlyCount "105"]
[WhiteFideId "12993093"]
[BlackFideId "12957399"]
[EventCountry "GER"]
[EventRounds "11"]
[EventType "swiss"]
[EventDate "2015.05.23"]

1. d4 g6 2. Nf3 Bg7 3. e3 d6 4. Be2 Nd7 5. c4 e5 6. dxe5 dxe5 7. Nc3 Ne7 8. O-O
O-O 9. Qc2 c6 10. Rd1 Qc7 11. b3 f5 12. Ba3 Re8 13. Rac1 b6 14. Bd6 Qb7 15. c5
b5 16. Ng5 Nf8 17. b4 Be6 18. Nxe6 Nxe6 19. Qb3 Nc8 20. a4 a6 21. Ra1 Kh8 22.
axb5 axb5 23. Rxa8 Qxa8 24. Qa2 Qb7 25. h4 h5 26. Qc2 Qf7 27. Bf1 Qf6 28. g3 e4
29. Ne2 g5 30. hxg5 Nxg5 31. Bg2 Rd8 32. Bf4 Rxd1+ 33. Qxd1 Ne6 34. Qd7 Ne7 35.
Qe8+ Nf8 36. Qxh5+ Kg8 37. Nd4 Nfg6 38. Bg5 Qf7 39. Bxe7 Nxe7 40. Qxf7+ Kxf7
41. Nc2 Bc3 42. f3 Nd5 43. fxe4 Nxb4 44. Nxb4 Bxb4 45. exf5 Bxc5 46. Kf2 Kf6
47. Bxc6 Kxf5 48. Bxb5 Ke4 49. Bc6+ Kd3 50. Kf3 Bxe3 51. Kg4 Bf2 52. Kf3 Bxg3
53. Kxg3 1/2-1/2

[Event "DEM U12/U12w 2015"]
[Site "Willingen GER"]
[Date "2015.05.28"]
[Round "8"]
[White "Gheng, Dominik"]
[Black "Wu, Leon"]
[Result "1-0"]
[Termination "normal"]
[Board "16"]
[WhiteElo "1771"]
[BlackElo "1574"]
[PlyCount "57"]
[WhiteFideId "12906778"]
[BlackFideId "12977438"]
[EventCountry "GER"]
[EventRounds "11"]
[EventType "swiss"]
[EventDate "2015.05.23"]

1. e4 e5 2. Nf3 Nc6 3. Bb5 a6 4. Ba4 Nf6 5. d3 d6 6. c3 Bd7 7. O-O Be7 8. Re1
O-O 9. Nbd2 b5 10. Bc2 Qc8 11. Nf1 Re8 12. Ng3 Nd8 13. d4 Nc6 14. h3 h6 15. Nh2
Nh7 16. f4 Bf6 17. Nh5 Bh4 18. g3 Be7 19. dxe5 dxe5 20. f5 g6 21. Bxh6 gxh5 22.
Qxh5 Bf6 23. Ng4 Bg7 24. Bxg7 Kxg7 25. Qh6+ Kh8 26. Nf6 Bxf5 27. exf5 Qxf5 28.
Bxf5 Re6 29. Qxh7# 1-0

[Event "DEM U12/U12w 2015"]
[Site "Willingen GER"]
[Date "2015.05.28"]
[Round "8"]
[White "Brunner, Sophia"]
[Black "Biermann, Florian"]
[Result "0-1"]
[Termination "normal"]
[Board "17"]
[WhiteElo "1553"]
[BlackElo "1709"]
[PlyCount "114"]
[WhiteFideId "12960683"]
[BlackFideId "12970069"]
[EventCountry "GER"]
[EventRounds "11"]
[EventType "swiss"]
[EventDate "2015.05.23"]

1. d4 Nf6 2. Nc3 d5 3. Bf4 g6 4. Qd2 c5 5. f3 cxd4 6. Qxd4 Nc6 7. Qd2 Bg7 8. e3
O-O 9. O-O-O e5 10. Bg5 d4 11. exd4 Nxd4 12. Qe3 Qa5 13. g4 Be6 14. h4 Nd5 15.
Nxd5 Qxd5 16. c3 Rac8 17. b3 Nxb3+ 18. axb3 Qxb3 19. Ne2 f6 20. Bh6 Bxh6 21. g5
fxg5 22. hxg5 Rxf3 23. Qxf3 Bxg5+ 24. Rd2 Rd8 25. Nf4 Bxf4 26. Rhh2 Rxd2 27.
Rxd2 Bxd2+ 28. Kxd2 Qb2+ 29. Kd3 Bf5+ 30. Kc4 Qa2+ 31. Kc5 b6+ 32. Kd6 Qe6+ 33.
Kc7 Qd7+ 34. Kb8 Be6 35. Qe2 Bd5 36. Qa6 Kf7 37. Bb5 Qd8+ 38. Kxa7 Qa8+ 39.
Kxb6 Qxa6+ 40. Bxa6 Ke6 41. c4 Bf3 42. Bc8+ Ke7 43. c5 e4 44. Bb7 h5 45. c6 e3
46. c7 Bg4 47. Ba6 h4 48. Be2 Bd7 49. Bb5 Bc8 50. Ka7 h3 51. Kb8 h2 52. Bc6 e2
53. Kxc8 e1=Q 54. Kb8 Qb4+ 55. Ka7 Qc5+ 56. Kb7 Qxc6+ 57. Kxc6 h1=Q+ 0-1

[Event "DEM U12/U12w 2015"]
[Site "Willingen GER"]
[Date "2015.05.28"]
[Round "8"]
[White "Grund, Sebastian"]
[Black "Lieberwirth, Kasimir"]
[Result "0-1"]
[Termination "normal"]
[Board "18"]
[WhiteElo "1810"]
[BlackElo "1638"]
[PlyCount "74"]
[WhiteFideId "12988626"]
[BlackFideId "12988146"]
[EventCountry "GER"]
[EventRounds "11"]
[EventType "swiss"]
[EventDate "2015.05.23"]

1. Nf3 Nf6 2. g3 g6 3. c4 Bg7 4. Bg2 O-O 5. O-O c6 6. d4 d5 7. Nc3 e6 8. Bf4
Nbd7 9. cxd5 exd5 10. Rc1 Nh5 11. Bg5 f6 12. Bd2 Nb6 13. e4 dxe4 14. Nxe4 f5
15. Bg5 Qc7 16. Nc5 Nd5 17. Qb3 h6 18. Bd2 Qb6 19. Qc2 Kh7 20. Ne5 Bxe5 21.
dxe5 f4 22. Be4 Bf5 23. Nd7 Qd4 24. Nxf8+ Rxf8 25. Bxf5 Rxf5 26. Bc3 Qc5 27.
Kg2 fxg3 28. hxg3 Nxg3 29. Kxg3 Ne3 30. Qd3 Rg5+ 31. Kf3 Nd5 32. Bd4 Qf8+ 33.
Ke2 Nf4+ 34. Kd2 Nxd3 35. Kxd3 Qf3+ 36. Kd2 Qd5 37. Ke3 Rg4 0-1

[Event "DEM U12/U12w 2015"]
[Site "Willingen GER"]
[Date "2015.05.28"]
[Round "8"]
[White "Hassemeier, Mika"]
[Black "Longo, Massimo"]
[Result "0-1"]
[Termination "normal"]
[Board "19"]
[WhiteElo "1658"]
[BlackElo "1628"]
[PlyCount "126"]
[WhiteFideId "12994880"]
[BlackFideId "16205227"]
[EventCountry "GER"]
[EventRounds "11"]
[EventType "swiss"]
[EventDate "2015.05.23"]

1. d4 d6 2. Nf3 Nf6 3. Bg5 Bg4 4. e3 Nbd7 5. Be2 e6 6. O-O Be7 7. h3 Bh5 8. c4
h6 9. Bh4 O-O 10. Nc3 Nh7 11. Bg3 f5 12. Re1 g5 13. Nd2 Bxe2 14. Qxe2 Nhf6 15.
e4 f4 16. Bh2 e5 17. d5 Kh7 18. b4 Rg8 19. Na4 a5 20. b5 g4 21. Kh1 Qe8 22.
Rac1 Qg6 23. Rg1 h5 24. h4 Ne8 25. g3 f3 26. Qe3 Nef6 27. Rge1 Rgc8 28. Nb3 Qh6
29. Qxh6+ Kxh6 30. c5 dxc5 31. Nbxc5 Nxc5 32. Nxc5 Bxc5 33. Rxc5 Ne8 34. Rec1
Rd8 35. Kg1 Kg6 36. Kf1 Kf6 37. a4 Rd6 38. Ke1 Ke7 39. Kd2 Kd7 40. Ke3 Rc8 41.
R1c2 Nf6 42. Rd2 Kd8 43. Rdc2 Nd7 44. R5c3 Nb6 45. Bg1 Kd7 46. Rb3 Nxa4 47. Ra3
Nb6 48. Rxa5 Rf6 49. Ra1 Rff8 50. Rac1 Kd6 51. Rc3 Rf7 52. R3c2 Ra8 53. Rc3 Ra4
54. Rb3 Rf8 55. Rbc3 Rc8 56. Rb3 Rca8 57. Rcc3 Ra2 58. Rc1 Re2+ 59. Kd3 Ra4 60.
Rcb1 Rexe4 61. Kc3 Nxd5+ 62. Kd3 Re2 63. R1b2 Rd4# 0-1

[Event "DEM U12/U12w 2015"]
[Site "Willingen GER"]
[Date "2015.05.28"]
[Round "8"]
[White "Brückner, Alexander"]
[Black "Bethke, Robert"]
[Result "1/2-1/2"]
[Termination "normal"]
[Board "20"]
[WhiteElo "1821"]
[BlackElo "1548"]
[PlyCount "69"]
[WhiteFideId "12952613"]
[BlackFideId "12959251"]
[EventCountry "GER"]
[EventRounds "11"]
[EventType "swiss"]
[EventDate "2015.05.23"]

1. e4 e5 2. Nf3 Nc6 3. Bb5 d6 4. h3 Nf6 5. Nc3 Bd7 6. O-O Be7 7. Re1 a6 8. Ba4
O-O 9. Bb3 Na5 10. d4 Nxb3 11. axb3 exd4 12. Nxd4 Qc8 13. Qf3 h6 14. Bf4 Rb8
15. e5 Nh7 16. Qg3 dxe5 17. Bxh6 Bf6 18. Nd5 Qd8 19. Nf3 Kh8 20. Nxf6 Qxf6 21.
Bg5 Nxg5 22. Nxg5 Qg6 23. Qxe5 f6 24. Qxc7 fxg5 25. Qxd7 Qxc2 26. Qd4 Qxb3 27.
Re7 Rf7 28. Rae1 Rbf8 29. Re8 Qc2 30. Rxf8+ Rxf8 31. Re7 Qc1+ 32. Kh2 Qf4+ 33.
Qxf4 Rxf4 34. Rxb7 Rxf2 35. Rb6 1/2-1/2

[Event "DEM U12/U12w 2015"]
[Site "Willingen GER"]
[Date "2015.05.28"]
[Round "8"]
[White "Kühne, Maria"]
[Black "Rudolph, Eva"]
[Result "1-0"]
[Termination "time forfeit"]
[Board "21"]
[WhiteElo "1401"]
[BlackElo "1573"]
[PlyCount "69"]
[WhiteFideId "12997412"]
[BlackFideId "16200594"]
[EventCountry "GER"]
[EventRounds "11"]
[EventType "swiss"]
[EventDate "2015.05.23"]

1. e4 e5 2. Bc4 d6 3. d3 Nf6 4. Nc3 c6 5. Bg5 Nbd7 6. Nge2 Be7 7. O-O O-O 8. f4
a5 9. a4 h6 10. Bxf6 Nxf6 11. fxe5 dxe5 12. Ng3 Ng4 13. Qf3 Bc5+ 14. Kh1 Qe7
15. Nf5 Bxf5 16. exf5 Qh4 17. Qg3 Nf2+ 18. Rxf2 Qxg3 19. hxg3 Bxf2 20. g4 Bd4
21. Ne4 Rad8 22. c3 Bb6 23. Rf1 Kh7 24. g5 Be3 25. gxh6 Bxh6 26. g4 Bf4 27. Kg2
b6 28. Rh1+ Kg8 29. g5 Rd7 30. g6 Rfd8 31. gxf7+ Rxf7 32. Kf3 Kf8 33. Rh8+ Ke7
34. Rxd8 Rxf5 35. Rg8  1-0

[Event "DEM U12/U12w 2015"]
[Site "Willingen GER"]
[Date "2015.05.28"]
[Round "8"]
[White "Grabbel, Lennart"]
[Black "Pahl, Erik"]
[Result "1/2-1/2"]
[Termination "normal"]
[Board "22"]
[WhiteElo "1584"]
[BlackElo "1464"]
[PlyCount "130"]
[WhiteFideId "16201620"]
[BlackFideId "16201272"]
[EventCountry "GER"]
[EventRounds "11"]
[EventType "swiss"]
[EventDate "2015.05.23"]

1. c4 d6 2. d4 e5 3. d5 f5 4. Nc3 Nf6 5. Qc2 g6 6. g3 Bg7 7. e4 O-O 8. Nge2 a5
9. Bg2 Na6 10. Be3 Ng4 11. O-O Nxe3 12. fxe3 Bh6 13. Qd2 Qg5 14. Rf3 Bd7 15.
Raf1 Nc5 16. Qc2 fxe4 17. Nxe4 Nxe4 18. Qxe4 Bf5 19. Qh4 Qxh4 20. gxh4 Bg4 21.
Rxf8+ Rxf8 22. Rxf8+ Kxf8 23. Kf2 Kf7 24. Nc3 Ke7 25. a3 Kd8 26. b4 b6 27. bxa5
bxa5 28. Bf3 Bd7 29. Bd1 Kc8 30. Bc2 Kb7 31. h5 Bf5 32. Ne4 Bxe4 33. Bxe4 gxh5
34. Bxh7 Kb6 35. Ke2 Kc5 36. Kd3 h4 37. Bf5 c6 38. Be4 cxd5 39. Bxd5 Bg5 40.
Ke4 a4 41. Kd3 Bd8 42. Bf7 Ba5 43. Be8 d5 44. cxd5 Kxd5 45. e4+ Kd6 46. Bxa4 h3
47. Ke3 Bb6+ 48. Kf3 Bc5 49. Kg3 Bxa3 50. Kxh3 Bc1 51. Kg4 Ke6 52. Kh5 Kf6 53.
Bd7 Kg7 54. Bf5 Bf4 55. h4 Be3 56. Kg4 Bf4 57. h5 Bc1 58. Bg6 Bd2 59. Kf3 Bc1
60. Ke2 Bf4 61. Kd3 Bc1 62. Kc4 Bf4 63. Kd5 Bg3 64. Ke6 Bf4 65. Kf5 Bg3 1/2-1/2

[Event "DEM U12/U12w 2015"]
[Site "Willingen GER"]
[Date "2015.05.28"]
[Round "8"]
[White "Asadzade, Idris"]
[Black "Eulitz, Charlotte"]
[Result "1-0"]
[Termination "normal"]
[Board "23"]
[WhiteElo "1746"]
[BlackElo "1476"]
[PlyCount "127"]
[WhiteFideId "12997285"]
[BlackFideId "12964654"]
[EventCountry "GER"]
[EventRounds "11"]
[EventType "swiss"]
[EventDate "2015.05.23"]

1. Nf3 d5 2. c4 c6 3. e3 Nf6 4. d4 Bf5 5. Nc3 e6 6. Bd3 Bg6 7. O-O dxc4 8. Bxc4
b5 9. Bd3 Nbd7 10. Bxg6 fxg6 11. Qd3 a6 12. Ng5 e5 13. Ne6 Qc8 14. Nxf8 Rxf8
15. Ne4 Qc7 16. Bd2 Rd8 17. Nxf6+ Nxf6 18. Qa3 exd4 19. Ba5 Qe7 20. Qxe7+ Kxe7
21. Bxd8+ Rxd8 22. exd4 Rxd4 23. Rfe1+ Kf7 24. Rac1 Rd6 25. Rc2 Nd7 26. Rce2
Kf6 27. Re3 Kf7 28. Rf3+ Nf6 29. g4 Rd5 30. h3 h6 31. Ra3 Rd2 32. b3 Nd5 33.
Rxa6 Nf4 34. Rxc6 Nxh3+ 35. Kg2 Nxf2 36. Rf1 Rd4 37. Rxf2+ Kg8 38. Rc8+ Kh7 39.
Rff8 Rd2+ 40. Kf3 g5 41. Rh8+ Kg6 42. Rc6+ Kf7 43. Ra8 Rd3+ 44. Ke4 Rd7 45. Rb6
Re7+ 46. Kd5 Rd7+ 47. Kc5 Re7 48. Kxb5 Re5+ 49. Ka6 Re2 50. Ra7+ Kg8 51. a4 Re4
52. Rbb7 Re6+ 53. Kb5 Re5+ 54. Kc6 Re6+ 55. Kd5 Re1 56. Rxg7+ Kf8 57. Rgf7+ Ke8
58. Rfe7+ Rxe7 59. Rxe7+ Kxe7 60. a5 Kd7 61. Ke5 Kc7 62. Kf5 Kb7 63. Kg6 h5 64.
Kxh5 1-0

[Event "DEM U12/U12w 2015"]
[Site "Willingen GER"]
[Date "2015.05.28"]
[Round "8"]
[White "Schneider, Edward"]
[Black "Müdder, Melanie"]
[Result "0-1"]
[Termination "normal"]
[Board "24"]
[WhiteElo "1395"]
[BlackElo "1511"]
[PlyCount "34"]
[WhiteFideId "16200870"]
[BlackFideId "12994103"]
[EventCountry "GER"]
[EventRounds "11"]
[EventType "swiss"]
[EventDate "2015.05.23"]

1. e4 e5 2. Nf3 Nc6 3. d4 exd4 4. Bc4 Nf6 5. e5 d5 6. Bb5 Ne4 7. Nxd4 Bc5 8.
Be3 O-O 9. Nxc6 bxc6 10. Bxc5 Nxc5 11. Bxc6 Qg5 12. O-O Rb8 13. Qxd5 Ne6 14. b3
Nf4 15. Qd2 Bh3 16. Nc3 Bxg2 17. Ne4 Nh3# 0-1

[Event "DEM U12/U12w 2015"]
[Site "Willingen GER"]
[Date "2015.05.28"]
[Round "8"]
[White "Meric, Geoffrey"]
[Black "Popist, Florian"]
[Result "1-0"]
[Termination "normal"]
[Board "25"]
[WhiteElo "1476"]
[BlackElo "1422"]
[PlyCount "41"]
[WhiteFideId "26092891"]
[BlackFideId "16203518"]
[EventCountry "GER"]
[EventRounds "11"]
[EventType "swiss"]
[EventDate "2015.05.23"]

1. e4 c5 2. Nf3 e6 3. d4 cxd4 4. Nxd4 a6 5. Nc3 Qc7 6. g3 Nc6 7. Be3 Nf6 8. Bg2
Ng8 9. O-O Be7 10. f4 h5 11. f5 h4 12. fxe6 dxe6 13. Qg4 Bf6 14. Rxf6 Nxf6 15.
Qxg7 Rg8 16. Qxf6 hxg3 17. h3 Rg6 18. Qh8+ Ke7 19. Nxc6+ Qxc6 20. Rd1 Qe8 21.
Bc5# 1-0

[Event "DEM U12/U12w 2015"]
[Site "Willingen GER"]
[Date "2015.05.28"]
[Round "8"]
[White "Schille, Hannes"]
[Black "Ewerhardy, Moritz"]
[Result "1/2-1/2"]
[Termination "normal"]
[Board "26"]
[WhiteElo "1489"]
[BlackElo "1337"]
[PlyCount "57"]
[WhiteFideId "16206053"]
[BlackFideId "36052086"]
[EventCountry "GER"]
[EventRounds "11"]
[EventType "swiss"]
[EventDate "2015.05.23"]

1. d4 f5 2. Bg5 g6 3. e3 Bg7 4. Nf3 Nf6 5. Nc3 d5 6. Bd3 O-O 7. O-O c6 8. Ne2
Nbd7 9. Nf4 Nb6 10. Bxf6 Bxf6 11. g3 Qd6 12. Kg2 Nd7 13. Rb1 Bg7 14. Rh1 Nf6
15. h4 Ne4 16. Rh2 e5 17. dxe5 Bxe5 18. c3 Bd7 19. Qh1 Be8 20. Rd1 Bf7 21. Bxe4
fxe4 22. Nd2 Bxf4 23. exf4 Qe7 24. Nf1 Be6 25. Ne3 Rad8 26. Qe1 Rf7 27. Qe2 h5
28. Rf1 c5 29. Kg1 1/2-1/2

[Event "DEM U12/U12w 2015"]
[Site "Willingen GER"]
[Date "2015.05.28"]
[Round "8"]
[White "Merk, Daniel"]
[Black "Kirsten, Annika"]
[Result "0-1"]
[Termination "normal"]
[Board "28"]
[WhiteElo "1799"]
[BlackElo "1267"]
[PlyCount "54"]
[WhiteFideId "12938386"]
[BlackFideId "12961124"]
[EventCountry "GER"]
[EventRounds "11"]
[EventType "swiss"]
[EventDate "2015.05.23"]

1. d4 d5 2. c4 e6 3. Nc3 Nf6 4. Bg5 Be7 5. cxd5 exd5 6. e3 c6 7. Bd3 Nbd7 8.
Qc2 O-O 9. Nf3 Re8 10. h3 Nf8 11. O-O Ne4 12. Bxe7 Qxe7 13. Nd2 f5 14. Rfd1 Ng6
15. Qb3 Be6 16. Ndxe4 fxe4 17. Be2 Rf8 18. Rac1 Nh4 19. Bf1 Rf6 20. Rd2 Rh6 21.
Rdc2 Bxh3 22. Ne2 Bg4 23. Ng3 Nf5 24. Nxf5 Bxf5 25. g3 Bg4 26. Bg2 Qf7 27. Kf1
Bf3 0-1

[Event "DEM U12/U12w 2015"]
[Site "Willingen GER"]
[Date "2015.05.28"]
[Round "8"]
[White "Wastian, Mareike"]
[Black "Bosselmann, Tom Linus"]
[Result "0-1"]
[Termination "normal"]
[Board "29"]
[WhiteElo "1573"]
[BlackElo "1720"]
[PlyCount "64"]
[WhiteFideId "12947423"]
[BlackFideId "12983845"]
[EventCountry "GER"]
[EventRounds "11"]
[EventType "swiss"]
[EventDate "2015.05.23"]

1. e4 c5 2. d4 cxd4 3. c3 dxc3 4. Nxc3 e6 5. Nf3 a6 6. Bc4 b5 7. Bb3 Bb7 8. O-O
d6 9. Qe2 Nd7 10. Rd1 Be7 11. Bf4 Qb8 12. Rac1 Ngf6 13. h3 O-O 14. Bh2 b4 15.
Nb1 Nxe4 16. Bc2 Ndc5 17. b3 a5 18. Nbd2 Nc3 19. Qe3 Nxd1 20. Rxd1 Bd5 21. Nf1
Qb7 22. Ne1 a4 23. Ng3 axb3 24. axb3 Rfd8 25. Nh5 Be4 26. Qg3 Bg6 27. Bxg6 fxg6
28. Nf4 Ra3 29. Nf3 Ne4 30. Qg4 Nf6 31. Qg3 Rxb3 32. Re1 Nh5 0-1

[Event "DEM U12/U12w 2015"]
[Site "Willingen GER"]
[Date "2015.05.28"]
[Round "8"]
[White "Bui, Ngoc Han Julia"]
[Black "Khamenya, Vitalia"]
[Result "0-1"]
[Termination "normal"]
[Board "30"]
[WhiteElo "1596"]
[BlackElo "1570"]
[PlyCount "64"]
[WhiteFideId "12977055"]
[BlackFideId "12959260"]
[EventCountry "GER"]
[EventRounds "11"]
[EventType "swiss"]
[EventDate "2015.05.23"]

1. e4 c5 2. c4 e6 3. Ne2 Qc7 4. d4 cxd4 5. Nxd4 a6 6. Nc3 Nf6 7. Be3 Bb4 8. f3
O-O 9. Rc1 d5 10. exd5 exd5 11. a3 Qe5 12. Qd2 Re8 13. Kf2 Bd6 14. Nxd5 Nxd5
15. cxd5 Qxd5 16. Bc4 Qe5 17. Bg5 Bd7 18. Bh4 Bc5 19. Rcd1 Nc6 20. Bg3 Qxd4+
21. Qxd4 Bxd4+ 22. Kf1 Be6 23. Be2 Bxb2 24. Rb1 Bxa3 25. Rxb7 Bc5 26. Bd3 Re7
27. Rb2 Rd8 28. Rc2 Rxd3 29. Rxc5 Rd1+ 30. Be1 Nb4 31. Rc3 Nd3 32. g3 Bh3+ 0-1

[Event "DEM U12/U12w 2015"]
[Site "Willingen GER"]
[Date "2015.05.28"]
[Round "8"]
[White "Rietschel, Tilo"]
[Black "Marzisch, Darius"]
[Result "1/2-1/2"]
[Termination "normal"]
[Board "31"]
[WhiteElo "1549"]
[BlackElo "1499"]
[PlyCount "63"]
[WhiteFideId "16208390"]
[BlackFideId "12997480"]
[EventCountry "GER"]
[EventRounds "11"]
[EventType "swiss"]
[EventDate "2015.05.23"]

1. e4 e5 2. Nf3 Nc6 3. Bb5 a6 4. Bxc6 dxc6 5. d4 exd4 6. Qxd4 Qxd4 7. Nxd4 Bc5
8. Be3 Nf6 9. f3 Bd7 10. Nd2 O-O-O 11. O-O-O h6 12. N2b3 Bb6 13. c3 c5 14. Nc2
Be6 15. Nxc5 Bxc5 16. Bxc5 Bxa2 17. Be3 Bb3 18. Rd4 Rhe8 19. Bf2 Rd7 20. Rhd1
Rxd4 21. Rxd4 Rd8 22. Rxd8+ Kxd8 23. Nd4 Be6 24. Nxe6+ fxe6 25. Kc2 Kd7 26. Kd3
Kc6 27. Kc4 Nd7 28. Bd4 Nf6 29. g4 Ne8 30. h4 b6 31. Be5 Kd7 32. Bd4 1/2-1/2

[Event "DEM U12/U12w 2015"]
[Site "Willingen GER"]
[Date "2015.05.28"]
[Round "8"]
[White "Höfs, Cederik"]
[Black "Buller, Ian Joshua"]
[Result "0-1"]
[Termination "normal"]
[Board "32"]
[WhiteElo "1377"]
[BlackElo "1491"]
[PlyCount "142"]
[WhiteFideId "16207653"]
[BlackFideId "12990655"]
[EventCountry "GER"]
[EventRounds "11"]
[EventType "swiss"]
[EventDate "2015.05.23"]

1. d4 d5 2. c4 e5 3. dxe5 d4 4. Nf3 Nc6 5. a3 Bf5 6. g3 Nge7 7. Bg2 Ng6 8. Bg5
Be7 9. Bxe7 Qxe7 10. Nxd4 Rd8 11. Bxc6+ bxc6 12. O-O Qd7 13. Nc3 Qxd4 14. Qa4
Qc5 15. Nd5 O-O 16. Ne3 Be6 17. b4 Qe7 18. f4 Bd7 19. Qxa7 f6 20. e6 Bc8 21. f5
Ne5 22. Qa4 Bb7 23. c5 Rd4 24. Qc2 Rfd8 25. Rfd1 g6 26. Kg2 Rxd1 27. Rxd1 gxf5
28. Rxd8+ Qxd8 29. Qxf5 Qe7 30. Ng4 Nxg4 31. Qxg4+ Kh8 32. a4 Bc8 33. Qe4 Bxe6
34. Qxc6 Bd7 35. Qa8+ Kg7 36. Kf2 Qe6 37. a5 Bb5 38. Qf3 Kf7 39. Qh5+ Kf8 40.
Qh6+ Kg8 41. Qd2 Kf7 42. Qc2 Ke8 43. Qd2 Qh3 44. Qe3+ Kf7 45. Qb3+ Kg7 46. Qf3
Qxh2+ 47. Qg2 Qxg2+ 48. Kxg2 Bxe2 49. Kf2 Bb5 50. Kf3 Kg6 51. Kf4 h5 52. Kf3
Kg5 53. Kf2 Kg4 54. Kg2 f5 55. Kf2 f4 56. gxf4 Kxf4 57. Kg2 Ke4 58. Kh3 Kd4 59.
Kh4 Kc4 60. Kxh5 Kxb4 61. a6 Bxa6 62. c6 Bb5 63. Kg5 Bxc6 64. Kf4 Bb5 65. Ke3
c5 66. Kd2 Kb3 67. Kc1 c4 68. Kd2 c3+ 69. Kd1 Kb2 70. Ke1 c2 71. Kd2 c1=Q# 0-1

[Event "DEM U12/U12w 2015"]
[Site "Willingen GER"]
[Date "2015.05.28"]
[Round "8"]
[White "Stelljes, Fabian"]
[Black "Brunkardt, Elena"]
[Result "1-0"]
[Termination "normal"]
[Board "33"]
[WhiteElo "1342"]
[BlackElo "1474"]
[PlyCount "171"]
[WhiteFideId "16201370"]
[BlackFideId "16208838"]
[EventCountry "GER"]
[EventRounds "11"]
[EventType "swiss"]
[EventDate "2015.05.23"]

1. e4 d5 2. exd5 Qxd5 3. Nc3 Qd6 4. Nf3 Nf6 5. Bc4 c6 6. d4 Bg4 7. Be3 e6 8.
Qe2 Qc7 9. h3 Bxf3 10. Qxf3 Bd6 11. O-O-O Nbd7 12. Kb1 O-O-O 13. Rhe1 Nb6 14.
Bb3 Nfd5 15. Nxd5 Nxd5 16. Bxd5 cxd5 17. Rd3 Kb8 18. Red1 Ka8 19. Rc3 Qd7 20.
Rdd3 Rc8 21. a3 Rc6 22. Rxc6 bxc6 23. Bf4 Bxf4 24. Qxf4 Rb8 25. Rf3 Rb7 26. Kc1
Qe7 27. Qe3 f6 28. Qe2 Qd6 29. Qa6 Qc7 30. Qa4 e5 31. dxe5 Qxe5 32. b3 Qe1+ 33.
Kb2 Qe5+ 34. Ka2 Rb6 35. Qg4 Qc7 36. Re3 Kb7 37. Qe6 d4 38. Re4 c5 39. Qe7 Rc6
40. Qxc7+ Rxc7 41. Kb2 Kb6 42. c3 d3 43. Kc1 Rd7 44. Kd2 a5 45. a4 Kc6 46. Rg4
g5 47. f3 Rb7 48. Kxd3 Rxb3 49. Re4 Kd5 50. Kc2 c4 51. Re7 h5 52. Ra7 Ke6 53.
Rxa5 Ra3 54. Kb2 Rb3+ 55. Kc2 Ra3 56. Ra6+ Ke5 57. a5 Ra2+ 58. Kd1 Ra3 59. Rc6
Rxa5 60. Rxc4 Ra1+ 61. Ke2 Ra2+ 62. Kf1 Ra1+ 63. Kf2 Ra2+ 64. Kg1 Ra1+ 65. Kh2
Kd5 66. Rc8 Rc1 67. Kg3 Rc2 68. c4+ Kd4 69. c5 Rxc5 70. Rxc5 Kxc5 71. f4 Kd5
72. fxg5 fxg5 73. h4 Ke5 74. hxg5 Kf5 75. Kh4 Kg6 76. g4 hxg4 77. Kxg4 Kg7 78.
Kg3 Kg6 79. Kf4 Kg7 80. Kf5 Kf8 81. Kf6 Kg8 82. Kg6 Kh8 83. Kf7 Kh7 84. g6+ Kh8
85. g7+ Kh7 86. g8=Q+ 1-0